La prosa retórica de Fray Luis de León en "Los nombres de Cristo" (Record no. 75107)

MARC details
000 -LEADER
campo de control de longitud fija 00894nam a2200217 i 4500
001 - NÚMERO DE CONTROL
campo de control 75107
003 - IDENTIFICADOR DE NÚMERO DE CONTROL
campo de control ES-MaACL
005 - FECHA Y HORA DE LA ÚLTIMA TRANSACCIÓN
campo de control 20251003200309.0
007 - CAMPO FIJO DE DESCRIPCIÓN FÍSICA--INFORMACIÓN GENERAL
campo de control de longitud fija t|
008 - DATOS DE LONGITUD FIJA--INFORMACIÓN GENERAL
campo de control de longitud fija 040922s1969 sp ||||1| spa d
100 1# - ENTRADA PRINCIPAL--NOMBRE DE PERSONA
Nombre de persona Goode, Helen Dill.
9 (RLIN) 59097
245 13 - MENCIÓN DEL TÍTULO
Título La prosa retórica de Fray Luis de León en "Los nombres de Cristo"
Resto del título : aportación al estudio de un estilista del Renacimiento español /
Mención de responsabilidad, etc. Helen Dill Goode ; [versión, José Guillén].
260 ## - PUBLICACIÓN, DISTRIBUCIÓN, ETC.
Lugar de publicación, distribución, etc. Madrid :
Nombre del editor, distribuidor, etc. Gredos,
Fecha de publicación, distribución, etc. [1969]
300 ## - DESCRIPCIÓN FÍSICA
Extensión 186 p. ;
Dimensiones 20 cm.
490 1# - MENCIÓN DE SERIE
Mención de serie Biblioteca Románica Hispánica. II. Estudios y Ensayos ;
Designación de volumen o secuencia 125
600 14 - PUNTO DE ACCESO ADICIONAL DE MATERIA--NOMBRE DE PERSONA
Nombre de persona León, Luis de,
Fechas asociadas al nombre 1527-1591-
Subdivisión general Crítica e interpretación
9 (RLIN) 71582
700 1# - ENTRADA AGREGADA--NOMBRE PERSONAL
Nombre de persona Guillén, José,
Fechas asociadas al nombre 1913-
9 (RLIN) 60769
830 0# - PUNTO DE ACCESO ADICIONAL DE SERIE-TÍTULO UNIFORME
Título uniforme Biblioteca Románica Hispánica. II. Estudios y Ensayos ;
Designación de volumen o secuencia 125
9 (RLIN) 178108
852 ## - LOCALIZACIÓN
Ubicación ES-MaACL
Número de control de estantería C-35454
Sublocalización o colección R.68833
Holdings
Estatus retirado Estado de pérdida Estado de daño No para préstamo Biblioteca de origen Biblioteca actual Ubicación en estantería Fecha de adquisición Fuente de adquisición Total de préstamos Signatura topográfica completa Código de barras Visto por última vez Precio de reemplazo Tipo de ítem Koha
        Biblioteca del Ateneo de Madrid Biblioteca del Ateneo de Madrid Depósito 2 17/01/2008     C-35454 1078613 23/02/2023 23/02/2023 Libro impreso